000 00800cam a22002531 4500
001 15719989
003 OSt
005 20231206140158.0
008 090430s1997 nyu 000 0 eng
010 _a 97903283
040 _aDLC
_cDLC
_dDLC
050 0 0 _aDS435
_b.S27 1997
082 _a954
_bSAR/W
100 _aSarkar, Sumit
_d1939- [from old catalog]
_93021
245 1 0 _aWriting social history /
_cSumit Sarkar.
260 _aDelhi ;
_aNew York :
_bOxford University Press,
_c1997.
300 _ax, 390 p. ;
_c23 cm.
651 0 _aIndia
_xHistoriography.
651 0 _aIndia
_xSocial conditions.
906 _a0
_bcbc
_cpremunv
_d3
_encip
_f19
_gy-gencatlg
942 _2ddc
_cBK
_h954
_iSAR/W
_k954
_mSAR/W
999 _c43773
_d43773